000
00256nam a2200097Ia 4500
001
772634
005
20250826165736.0
008
250824s9999 xx 000 0 und d
245
0
_a
İSTANBUL İLK ROMANIMDA LEYLAK
_c
SELİM İLERİ
260
_b
EVEREST YAYINLARI
999
_c
772634
_d
772634